Economics: (Record no. 11792)

MARC details
000 -LEADER
fixed length control field 00530nam a22002057a 4500
003 - CONTROL NUMBER IDENTIFIER
control field mut
005 - DATE AND TIME OF LATEST TRANSACTION
control field 20240606081207.0
008 - FIXED-LENGTH DATA ELEMENTS--GENERAL INFORMATION
fixed length control field 170918b xxu||||| |||| 00| 0 eng d
020 ## - INTERNATIONAL STANDARD BOOK NUMBER
International Standard Book Number 0039229688
040 ## - CATALOGING SOURCE
Transcribing agency mut
050 ## - LIBRARY OF CONGRESS CALL NUMBER
Classification number HB171.5
Item number .B3 1994
100 ## - MAIN ENTRY--PERSONAL NAME
Personal name Baumol, Willian J.
245 ## - TITLE STATEMENT
Title Economics:
Remainder of title principles and policy
250 ## - EDITION STATEMENT
Edition statement 4th Canadian ed.
260 ## - PUBLICATION, DISTRIBUTION, ETC.
Place of publication, distribution, etc. Toronto
Name of publisher, distributor, etc. Harcourt Brace and Company, Canada
650 ## - SUBJECT ADDED ENTRY--TOPICAL TERM
Topical term or geographic name entry element Economics
700 ## - ADDED ENTRY--PERSONAL NAME
Personal name Blinder, Alan S.
700 ## - ADDED ENTRY--PERSONAL NAME
Personal name Scarth, William M.
942 ## - ADDED ENTRY ELEMENTS (KOHA)
Source of classification or shelving scheme Library of Congress Classification
Koha item type Books
Holdings
Withdrawn status Lost status Source of classification or shelving scheme Damaged status Not for loan Home library Current library Shelving location Date acquired Source of acquisition Total checkouts Full call number Barcode Date last seen Price effective from Koha item type
    Library of Congress Classification     Murang'a University of Technology Library Murang'a University of Technology Library General stacks 18/09/2017 Donation-TFC   HB171.5 .B3 1994 012951 30/08/2024 18/09/2017 Books
    Library of Congress Classification     Murang'a University of Technology Library Murang'a University of Technology Library General stacks 21/03/2022 Donation-TFC   HB171.5 .B3 1994 030039 30/08/2024 21/03/2022 Books